000
00288nam a2200133Ia 4500
100
_a
Tripathi/P.C.
650
_a
Production.
942
_c
BK
245
_a
Principles Of Management.
260
_b
Tata McGraw Hill
_a
New Delhi.
082
_a
658/TRI
300
_a
323
546
_a
ENGLISH
999
_c
18066
_d
18066